Роман Е. Замятина "Мы" в свете теории архетипов К. Г. Юнга (Запись № 1131341)

Подробности
000 -МАРКЕР
контрольное поле 02027nam0a2200421 4500
001 - ИДЕНТИФИКАТОР ЗАПИСИ
контрольное поле RU\NLR\bibl\1694949
005 - ИДЕНТИФИКАТОР ВЕРСИИ
контрольное поле 20260607070953.0
010 ## - МЕЖДУНАРОДНЫЙ СТАНДАРТНЫЙ НОМЕР КНИГИ (ISBN)
Номер (ISBN) 978-5-317-03321-7
Тираж 100
021 ## - НОМЕР ГОСУДАРСТВЕННОЙ РЕГИСТРАЦИИ
Код страны Российская Федерация
Номер 2010-74585
Номер Листа государственной регистраци 4955
035 ## - ДРУГИЕ СИСТЕМНЫЕ НОМЕРА
Идентификатор записи (nilc)RSL-KNO-004738451
035 ## - ДРУГИЕ СИСТЕМНЫЕ НОМЕРА
Идентификатор записи (NLR Aleph) 001686051
100 ## - ДАННЫЕ ОБЩЕЙ ОБРАБОТКИ
Данные общей обработки 20101004d2010 |||y0rusy50 ca
101 0# - ЯЗЫК РЕСУРСА
Язык текста, звукозаписи и т.д. русский
102 ## - СТРАНА ПУБЛИКАЦИИ ИЛИ ПРОИЗВОДСТВА
Страна публикации Российская Федерация
105 ## - ПОЛЕ КОДИРОВАННЫХ ДАННЫХ: ТЕКСТОВЫЕ МАТЕРИАЛЫ, МОНОГРАФИЧЕСКИЕ
Кодированные данные о монографическом текстовом документе y zzzz|||||
200 1# - ЗАГЛАВИЕ И СВЕДЕНИЯ ОБ ОТВЕТСТВЕННОСТИ
Основное заглавие Роман Е. Замятина "Мы" в свете теории архетипов К. Г. Юнга
Первые сведения об ответственности Кан Бен Юн
Последующие сведения об ответственности Московский гос. ун-т им. М. В. Ломоносова, Филологический фак.
210 ## - ПУБЛИКАЦИЯ, РАСПРОСТРАНЕНИЕ И ДР.
Место издания, распространения и т.д. Москва
Имя издателя, распространителя и т. д. МАКС Пресс
Дата издания, распространения и т.д. 2010
215 ## - ФИЗИЧЕСКАЯ ХАРАКТЕРИСТИКА
Специфическое обозначение материала и объем 158, [1] с.
Размеры 21
320 ## - ПРИМЕЧАНИЯ О НАЛИЧИИ В ДОКУМЕНТЕ БИБЛИОГРАФИИ / УКАЗАТЕЛЯ
Текст примечания Библиогр.: с. 143-157 (261 назв.) и в подстроч. прим.
500 10 - УНИФИЦИРОВАННОЕ ЗАГЛАВИЕ
Связь между полями z01702
Унифицированное заглавие Мы
604 ## - ИМЯ И ЗАГЛАВИЕ КАК ПРЕДМЕТ
Связываемые данные 700#1$aЗамятин$bЕ. И.$gЕвгений Иванович$f1884 - 1937
-- 50010$a"Мы"$xОбразы$2nlr_sh2$3RU\NLR\AUTH\661546892
Идентификатор авторитетной/нормативной записи RU\NLR\AUTH\661546892
Имя лица Замятин, Евгений Иванович (1884 - 1937)
Заглавие "Мы"
Тематический подзаголовок Образы
Системный номер авторитетной/нормативной записи 2610334
606 1# - НАИМЕНОВАНИЕ ТЕМЫ КАК ПРЕДМЕТ
Наименование темы Аналитическая психология
Системный номер авторитетной/нормативной записи 2072471
Идентификатор авторитетной/нормативной записи RU\NLR\auth\661247309
686 ## - ИНДЕКСЫ ДРУГИХ КЛАССИФИКАЦИЙ
Индекс Ш5(2=Р)53-4Замятин Е.И.534,0
Код системы
686 ## - ИНДЕКСЫ ДРУГИХ КЛАССИФИКАЦИЙ
Индекс Ю3(4Ш)6-674Юнг К.Г.-3,0
Код системы
686 ## - ИНДЕКСЫ ДРУГИХ КЛАССИФИКАЦИЙ
Индекс Ш5(2=Р)53-4Замятин
686 ## - ИНДЕКСЫ ДРУГИХ КЛАССИФИКАЦИЙ
Индекс Ю91(0)6-736.3
700 #1 - ИМЯ ЛИЦА - ПЕРВИЧНАЯ ОТВЕТСТВЕННОСТЬ
Код отношения Автор
Графика поля Кириллица
Материалы, к которым относится поле rus
Начальный элемент ввода Кан Бён Юн
Даты 1975-
Системный номер авторитетной/нормативной записи 197732
Идентификатор авторитетной/нормативной записи RU\NLR\AUTH\770197783
702 #1 - ИМЯ ЛИЦА - ВТОРИЧНАЯ ОТВЕТСТВЕННОСТЬ
Код отношения Автор
Графика поля Кириллица
Материалы, к которым относится поле rus
Начальный элемент ввода Юнг
Часть имени, кроме начального элемента ввода К. Г.
Дополнения к именам, кроме дат психолог, философ
Даты 1875-1961
Расширение инициалов личного имени Карл Густав
Системный номер авторитетной/нормативной записи 112824
Идентификатор авторитетной/нормативной записи RU\NLR\AUTH\772816
702 #1 - ИМЯ ЛИЦА - ВТОРИЧНАЯ ОТВЕТСТВЕННОСТЬ
Код отношения Автор
Графика поля Кириллица
Материалы, к которым относится поле rus
Начальный элемент ввода Замятин
Часть имени, кроме начального элемента ввода Е. И.
Даты 1884-1937
Расширение инициалов личного имени Евгений Иванович
Системный номер авторитетной/нормативной записи 110617
Идентификатор авторитетной/нормативной записи RU\NLR\auth\77571
801 #0 - ИСТОЧНИК ЗАПИСИ
Страна Российская Федерация
Организация РГБ
Дата составления 20101004
Правила каталогизации rcr
801 #1 - ИСТОЧНИК ЗАПИСИ
Страна Российская Федерация
Организация РГБ
Дата составления 20101004
801 #2 - ИСТОЧНИК ЗАПИСИ
Страна Российская Федерация
Организация NLR
Дата составления 20101108
Правила каталогизации rcr
942 ## - ДОПОЛНИТЕЛЬНЫЕ ЭЛЕМЕНТЫ ЗАПИСИ (АБИС)
Тип экземпляра АБИС Книга
980 ## - КОЛЛЕКЦИЯ
Название коллекции Национальная библиография
Экземпляры
Тип экземпляра Дата поступления Источник поступления Библиотека постоянного хранения Библиотека текущего хранения Место хранения Шифр хранения Штрих-код Статус экземпляра
Книга 08.11.2010 Обязательный экземпляр РНБ (Московский) РНБ (Московский) Русский книжный фонд: издания с 1957 года 2010-3/35439 1-268128